=LDR 00000nam 2200000 4500 =001 NUTBA000000000001732 =005 20140513173236.0 =006 =007 =008 =020 ##$$a 979-3464-12-7 =035 ##$$0010-051400000000197 =040 ##$$a NBPDMAT =082 ##$$a 658.4047 =090 ##$$a 658.404$bNan p =100 ##$$a Nancy Mingus =245 ##$$a project management dalam 24 jam$cNancy Mingus =260 ##$$a Jakarta $bPrenada $c 2004. =300 ##$$a xiv, 456 hlm.$c23 cm. =650 ##$$a Proyek$xmanajemen =850 ##$$a NBPNMAT =990 ##$$a 21005908 =990 ##$$a 21197091/BPAP-NTB/2014 =990 ##$$a 0001/BPAP-NTB/20142014 =990 ##$$a 0001/BPAP-NTB/2016